000 01046cab a22002295a 4500
001 L159360
008 161206e2016 xxk 000 0 eng d
035 _a(Sirsi) u159360
041 0 _aeng
100 1 _aKay, Richard
245 0 0 _aDevelopment of Scots law on dilapidations: Diminution valuations as a measure of the landlord's loss
260 _c2016
490 _aJournal of Building Survey, Appraisal & Valuation
_v5(2) Autumn 2016, 103-112(10)
520 _aCompares and outlines English and Scottish case law on diminution valuations as a measure of the landlord's loss in dilapidations claims. Includes 4 worked examples for working out claims including costs of works, valuation, upgrading/modernisation with possible change of use and more complicated scenarios dependant upon whether the building has been left in good order
590 _aKA
650 2 4 _aDilapidations
_96235
650 2 4 _aLANDLORD AND TENANT ACT 1927 S18(1)
650 2 4 _aDIMINUTION
651 4 _aInternational
690 _aValuation
_96273
942 _n0
999 _c84870
_d84870